000 01096nam a2200313 i 4500
003 EG-GICUC
005 20260121101714.0
008 260111s1972 ua ||||fr|||| 00| 0 ara d
017 _a1972/3454
040 _a EG-GICUC
_bara
_c EG-GICUC
_d EG-GICUC
_erda
041 _aara
082 0 4 _221
_a345.411
_bف و . ت
092 0 4 _221
099 _aLaw1 07 345.411 ف و . ت 1972
100 0 _aفوزي حبيش
_eمؤلف.
245 1 0 _aتصنيف الوظائف و تحديد رواتبها /
_cإعداد فوزي حبيش
264 _aالقاهرة:
_bالمنظمة العريبة للعلوم الإدارية ،
_c1972.
300 _a55؛صفحة
_c24 سم
336 _2rda content
_atext
337 _2rda media
_aComputer
338 _2rda carrier
_aOnline Resource
504 _aيشتمل على إرجاعات ببليوجرافية.
546 _aالنص باللغة العربية
650 1 _aالقانون الإداري
_2qrmak
651 1 _2qrmak
856 4 0 _uhttps://fll.law.cu.edu.eg/fulltext/bks/B07-00095.pdf
905 _a74
942 _2ddc
_n0
_cBK
_e21
999 _c56151
_d56151